Whose Moustache is That? #2 - Statistics

General Stats
  • This quiz has been taken 43 times
  • The average score is 8 of 24
Answer Stats
Picture Answer % Correct
Albert Einstein
90%
Tom Selleck
70%
Will Smith
65%
Frank Zappa
55%
Sean Connery
55%
Charles de Gaulle
50%
Dr Phil
40%
Bashar al Assad
38%
Clark Gable
38%
Sam Elliott
38%
Danny Trejo
33%
Hideki Tojo
28%
Chester A. Arthur
25%
Wilford Brimley
25%
Walter Cronkite
23%
Nigel Mansell
20%
Richard Branson
20%
Grover Cleveland
18%
Nick Offerman
18%
Robert Carlyle
15%
Prince Albert
13%
Will Ferrell
8%
Horatio Kitchener
5%
Michael Cudlitz
3%
No matching quizzes found
Score Distribution
Percent of People with Each Score
Percentile by Number Answered
Your Score History
You have not taken this quiz